Best Selling 3DS Games - Statistics

General Stats
  • This quiz has been taken 71 times
  • The average score is 7 of 13
Answer Stats
Sales Game % Correct
18.97 Million Mario Kart 7
93%
12.86 Million Super Mario 3D Land
77%
13.41 Million New Super Mario Bros. 2
75%
16.29 Million Pokémon Sun and Moon
70%
16.65 Million Pokémon X and Y
63%
13.02 Million Animal Crossing: New Leaf
54%
14.53 Million Pokémon Omega Ruby and Alpha Sapphire
53%
9.12 Million Pokémon Ultra Sun and Ultra Moon
51%
9.64 Million Super Smash Bros. for Nintendo 3DS
49%
6.40 Million The Legend of Zelda: Ocarina of Time 3D
44%
6.47 Million Luigi’s Mansion: Dark Moon
37%
6.71 Million Tomodachi Life
37%
6.92 Million Yo-kai Watch 2
16%
No matching quizzes found
Score Distribution
Percent of People with Each Score
Percentile by Number Answered
Your Score History
You have not taken this quiz